Pakaian tradisional & perkahwinan

Bibliographic Details
Main Author: Mohd Zaki bin Mohd Helmi
Format: Book
Published: Selangor : Penerbit Femina , 2006
Subjects:

MARC

LEADER 00000cam a2200000 7i4500
001 0000004821
005 20151222.0
008 070731
020 |a 9832648971(set) 
020 |a 9833389015 
090 0 0 |a PLC   |b MAL 
100 0 |a Mohd Zaki bin Mohd Helmi 
245 1 0 |a Pakaian tradisional & perkahwinan   |c Mohd Zaki bin Mohd Helmi 
260 |a Selangor :   |b Penerbit Femina ,   |c 2006 
500 |a Children ages 10-12 years old (pink) 
650 0 |a Customs 
650 0 |a Junior fiction   |x Malay   |x Languages 
999 |a 0000978367   |b Book   |c Children Collection   |e Cawangan Kota Tinggi 
999 |a 0000978368   |b Book   |c Children Collection   |e Cawangan Bandar Penawar 
999 |a 0000978369   |b Book   |c Children Collection   |e Cawangan Bukit Gambir 
999 |a 0000978371   |b Book   |c Children Collection   |e Cawangan Tangkak 
999 |a 0000978382   |b Book   |c Children Collection   |e Perbadanan Perpustakaan Awam Johor 
999 |a 0000978383   |b Book   |c Children Collection   |e Cawangan Kota Tinggi 
999 |a 0000978384   |b Book   |c Children Collection   |e Cawangan Segamat 
999 |a 0000978385   |b Book   |c Children Collection   |e Perbadanan Perpustakaan Awam Johor 
999 |a 0000978386   |b Book   |c Children Collection   |e Cawangan Pontian